| 000 | 00414nam a22001577a 4500 | ||
|---|---|---|---|
| 003 | OSt | ||
| 005 | 20140407101227.0 | ||
| 008 | 140402s1985 sp ||||| |||| 00| 0 cat d | ||
| 040 |
_bcat _cCPC Lleida |
||
| 100 |
_9210 _aFranquet, Rosa |
||
| 245 | 1 | 0 | _aRàdio Reus 60 anys d'història |
| 260 |
_aReus _bRàdio Reus-SER _c1985 |
||
| 300 |
_a68 p. _c24 cm |
||
| 700 |
_9498 _aMartí Martí, Josep Maria |
||
| 942 |
_cMON _2udc |
||
| 999 |
_c6709 _d6709 |
||